| 000 | 00449nam a2200157Ia 4500 | ||
|---|---|---|---|
| 005 | 20250319153759.0 | ||
| 008 | 231217s9999 xx 000 0 und d | ||
| 020 | _a9788131211939 | ||
| 082 | _a658 TRU;1 R | ||
| 100 | _aTruscott, William. | ||
| 245 | 0 | _aSix sigma : continual improvement for businesses | |
| 260 |
_c2003 _bButterworth Heinemann _aUK |
||
| 300 | _axii+250 | ||
| 650 | _aSix,sigma,continual,improvement,businesses | ||
| 942 | _cAA | ||
| 999 |
_c183755 _d183755 |
||